000 00663nam a2200193 a 4500
001 000028277
005 20200930031512.0
008 110407s2010 dr 000 0 spa d
040 _aDO-SdBNP
_bspa
_cBNPHU
082 _axxxx
_bG216c
100 1 _aGarcía Núñez, Gregoria
_955278
245 1 3 _aLa comunicación efectiva es el éxito feliz de la pareja /
_cGregoria García Núñez; prólogo Luis Felipe de Jesus Ulerio.
260 _aSanto Domingo :
_bBúho,
_c2010.
300 _a159 p. ;
_c23 cm.
500 _aIncluye notas al pie de las páginas
504 _aBibliografía : p. 157-159
700 1 2 _aJesus Ulerio, Luis Felipe de
_916087
049 _aBNPD
999 _c27769
_d27769